000 00943nam a2200217Ia 4500
003 IN-BaIIA
008 211028s9999 xx 000 0 eng d
020 _a0379-6566
040 _cIIA Library
080 _a629.19(063)
_bESA
111 _aGiotto PEWG Meeting on the Giotto Spacecraft Impact-induced Plasma Environment
_cAustria
_d1984 Apr. 10-12
_914534
245 4 _aThe Giotto Spacecraft impact-induced plasma environment
_bproceedings of the Giotto PEWG meeting on the Giotto Spacecraft impact-induced plasma environment, held in Berne, Switzerland, 10-12 April 1984
_cedited by Bruce Battrick and Erica Rolfe
260 _aFrance
_bEuropean Space Agency
_c1984
300 _a[various pagings.]
650 _aESA Spacecraft
_914535
650 _aNASA thesaurus
650 _aSpacecraft
_94894
700 _aBattrick Bruce., ed.
_914536
700 _aRolfe, Erica., ed.
_914537
942 _cBK
999 _c8657
_d8657